Freehold flats: the Law Commission`s way forward (Record no. 7249)
[ view plain ]
| 000 -LEADER | |
|---|---|
| fixed length control field | 01154cab a2200193 4500 |
| 001 - CONTROL NUMBER | |
| control field | ABS38587 |
| 008 - FIXED-LENGTH DATA ELEMENTS--GENERAL INFORMATION | |
| fixed length control field | 090401t1987 xxu||||| |||| 00| 0 eng d |
| 035 ## - SYSTEM CONTROL NUMBER | |
| System control number | (Sirsi) u11379 |
| 041 ## - LANGUAGE CODE | |
| Language code of text/sound track or separate title | eng |
| 100 ## - MAIN ENTRY--PERSONAL NAME | |
| Personal name | Kenny, P.H. |
| 245 ## - TITLE STATEMENT | |
| Title | Freehold flats: the Law Commission`s way forward |
| 260 ## - PUBLICATION, DISTRIBUTION, ETC. | |
| Date of publication, distribution, etc. | 1987 |
| 350 ## - PRICE (NR) (BK AM CF MU VM SE) [OBSOLETE] | |
| Price | 0 |
| 490 ## - SERIES STATEMENT | |
| Series statement | Law Society`s Gazette |
| Volume/sequential designation | 84(46) 16 December 1987, 3642-3647(3) |
| 520 ## - SUMMARY, ETC. | |
| Summary, etc. | Looks at the recommendations of the Law Commission `s report, Commonhold - Freehold flats and freehold ownership of other interdependent buildings. It discusses the commmonhold scheme ie the legal framework that permits the development of freehold condominiums; compulsory freeholds; the concept that promoters can establish schemes within a legislative framework and can manage the formalities of registration at the District Land Registry; how disputes between promoters and unit-holders and between unit-holders themselves will be resolved; rejection of the idea of commonhold commission and mortgages. |
| 690 ## - LOCAL SUBJECT ADDED ENTRY--TOPICAL TERM (OCLC, RLIN) | |
| Topical term or geographic name as entry element | PROPERTY-RESIDENTIAL PROPERTY-RESIDENTIAL LANDLORD AND TENANT-RESIDENTIAL TENANCIES |
| 942 ## - ADDED ENTRY ELEMENTS (KOHA) | |
| Suppress in OPAC | 0 |
| 948 ## - LOCAL PROCESSING INFORMATION (OCLC); SERIES PART DESIGNATOR (RLIN) | |
| c (OCLC) | 04/03/1997 |
| Withdrawn status | Lost status | Source of classification or shelving scheme | Damaged status | Not for loan | Home library | Current library | Shelving location | Date acquired | Total Checkouts | Full call number | Barcode | Date last seen | Copy number | Price effective from | Koha item type |
|---|---|---|---|---|---|---|---|---|---|---|---|---|---|---|---|
| Dewey Decimal Classification | London | London | Journal article | 14/09/1999 | ABS38587 | 11379-1001 | 06/08/2019 | 1 | 06/08/2019 | Journal article |